[Event "Nuremberg Zabo op 23rd"]
[Site "Nuremberg"]
[Date "2023.09.17"]
[Round "5"]
[White "Ratscheu, Stefan"]
[Black "Barnowski, Roman"]
[Result "1/2-1/2"]
[WhiteElo "1650"]
[BlackElo "1606"]
[PlyCount "58"]
[EventDate "2023.09.15"]
[EventType "swiss"]
[EventRounds "5"]
[EventCountry "GER"]
[SourceTitle "CBM 216 Extra"]
[Source "ChessBase"]
[SourceDate "2023.11.30"]
[SourceVersion "1"]
[SourceVersionDate "2023.11.30"]
[SourceQuality "1"]

1. e4 e5 2. Nf3 Nf6 3. d4 exd4 4. e5 Nd5 5. Qxd4 Nb6 6. a4 Nc6 7. Qe4 a5 8. c3 Be7 9. Bd3 d5 10. exd6 Qxd6 11. Bf4 Qd7 12. Bb5 0-0 13. Ne5 Qd5 14. Qxd5 Nxd5 15. Nxc6 bxc6 16. Bxc6 Nxf4 17. Bxa8 Nd3+ 18. Kd2 Nxb2 19. Kc2 Bf5+ 20. Kxb2 Rxa8 21. Nd2 Rb8+ 22. Kc1 Bg5 23. g3 Rb3 24. Kd1 Rb2 25. f4 Bf6 26. Ra3 Rb8 27. Ke2 Re8+ 28. Kf2 Be7 29. Ra2 Bc5+ 1/2-1/2

[Event "Mittelfrank Regionalliga Nord-Ost 2223"]
[Site "Mittelfranken"]
[Date "2023.01.15"]
[Round "5.5"]
[White "Bade, Joern"]
[Black "Ratscheu, Stefan"]
[Result "1-0"]
[WhiteElo "2209"]
[BlackElo "1809"]
[PlyCount "107"]
[EventDate "2022.10.09"]
[EventType "team-tourn"]
[EventRounds "9"]
[EventCountry "GER"]
[SourceTitle "EXT 2024"]
[Source "ChessBase"]
[SourceDate "2023.10.10"]
[SourceVersion "1"]
[SourceVersionDate "2023.10.10"]
[SourceQuality "1"]
[WhiteTeam "Forchheim SC"]
[BlackTeam "Heng Postbauer"]
[WhiteTeamCountry "GER"]
[BlackTeamCountry "GER"]

1. e4 e5 2. Nf3 Nc6 3. Bb5 a6 4. Ba4 Nf6 5. d4 exd4 6. 0-0 Be7 7. Re1 0-0 8. e5 Nd5 9. c3 Nb6 10. cxd4 Nxa4 11. Qxa4 d5 12. Be3 Bg4 13. Nfd2 b5 14. Qb3 Na5 15. Qc2 Rc8 16. Nb3 Nc4 17. a4 Bb4 18. Bd2 Nxd2 19. N1xd2 Qg5 20. Re3 Bf5 21. Qc6 Qg6 22. axb5 axb5 23. Qxb5 Bxd2 24. Nxd2 Rb8 25. Qxd5 Be6 26. Qa5 Rxb2 27. d5 Qc2 28. dxe6 Qxd2 29. exf7+ Rxf7 30. Qxd2 Rxd2 31. Ra8+ Rf8 32. Rxf8+ Kxf8 33. Kf1 c5 34. Rc3 Rd5 35. f4 g5 36. g3 gxf4 37. gxf4 Rd4 38. Rf3 c4 39. Ke2 c3 40. Rxc3 Rxf4 41. Rf3 Rxf3 42. Kxf3 Ke7 43. Kf4 Ke6 44. Ke4 Ke7 45. Kf5 Kf7 46. h4 Ke7 47. Kg5 Ke6 48. Kf4 Ke7 49. Kf5 Kf7 50. h5 Ke7 51. e6 h6 52. Ke5 Ke8 53. Kf6 Kf8 54. Kg6 1-0

[Event "Mittelfranken-chTB2b 1920"]
[Site "Mittelfranken"]
[Date "2020.03.22"]
[Round "8.2"]
[White "Ratscheu, Stefan"]
[Black "Birkmann, Guenther"]
[Result "0-1"]
[WhiteElo "1827"]
[BlackElo "1930"]
[PlyCount "74"]
[EventDate "2019.10.13"]
[EventType "team-tourn"]
[EventRounds "9"]
[EventCountry "GER"]
[SourceTitle "EXT 2023"]
[Source "ChessBase"]
[SourceDate "2022.10.05"]
[SourceVersion "1"]
[SourceVersionDate "2022.10.05"]
[SourceQuality "1"]
[WhiteTeam "Postbauer Heng II"]
[BlackTeam "Stein SC"]
[WhiteTeamCountry "GER"]
[BlackTeamCountry "GER"]

1. e4 c5 2. Nf3 Nc6 3. Bb5 g6 4. 0-0 Bg7 5. Re1 e5 6. c3 Nge7 7. Na3 0-0 8. Nc2 d5 9. exd5 Qxd5 10. b3 a6 11. Bc4 Qd6 12. d4 b5 13. Bf1 Rd8 14. Bb2 Bf5 15. Bd3 exd4 16. cxd4 Bxd3 17. Qxd3 Nf5 18. Rad1 Nfxd4 19. Ncxd4 cxd4 20. a3 Re8 21. h3 Rxe1+ 22. Rxe1 Rd8 23. Rd1 h5 24. b4 Qd5 25. Rc1 Ne5 26. Nxe5 Qxe5 27. g3 f5 28. Rc6 Rd6 29. Rxd6 Qxd6 30. Kf1 Qd5 31. Ke2 Kf7 32. Bc1 Ke6 33. Bf4 Be5 34. Bxe5 Qxe5+ 35. Kd2 Qe4 36. Qb3+ Qd5 37. Qd3 Qc4 0-1

[Event "Regionalliga Nord-Ost 1819"]
[Site "Bayern"]
[Date "2019.03.24"]
[Round "8.6"]
[White "Hanisch, Friedrich"]
[Black "Ratscheu, Stefan"]
[Result "1/2-1/2"]
[WhiteElo "2037"]
[BlackElo "1826"]
[PlyCount "92"]
[EventDate "2018.10.21"]
[EventType "team-tourn"]
[EventRounds "9"]
[EventCountry "GER"]
[SourceTitle "EXT 2022"]
[Source "ChessBase"]
[SourceDate "2021.10.06"]
[SourceVersion "1"]
[SourceVersionDate "2021.10.06"]
[SourceQuality "1"]
[WhiteTeam "Altensittenbach"]
[BlackTeam "Postbauer Heng"]
[WhiteTeamCountry "GER"]
[BlackTeamCountry "GER"]

1. d4 Nf6 2. g3 e6 3. Bg2 c5 4. e3 d5 5. Nf3 Nc6 6. 0-0 Bd6 7. b3 0-0 8. Bb2 b6 9. Nbd2 Bb7 10. Ne5 cxd4 11. Nxc6 Bxc6 12. exd4 Qc7 13. Re1 Rfe8 14. Rc1 Rac8 15. Nf3 Nd7 16. Qd2 f6 17. c4 Qb7 18. cxd5 Bxd5 19. Nh4 Bxg2 20. Nxg2 Nf8 21. Ne3 Rcd8 22. Qc2 Rc8 23. Qd3 Bb4 24. Red1 Red8 25. Qb5 Be7 26. Qe2 Rxc1 27. Rxc1 Ng6 28. Qc4 Qd7 29. Qc7 Bd6 30. Qxd7 Rxd7 31. Rc6 Ne7 32. Rc1 Kf7 33. Kg2 Nd5 34. Nxd5 exd5 35. Rc6 Ke7 36. h4 Rc7 37. Rxc7+ Bxc7 38. Kf3 Bd6 39. Bc3 Ke6 40. a4 a6 41. h5 g6 42. hxg6 hxg6 43. Bd2 Kd7 44. Ke3 Ke6 45. Kf3 Kd7 46. g4 Ke6 1/2-1/2

[Event "Mittelfranken-chTB1 1718"]
[Site "Mittelfranken"]
[Date "2018.04.22"]
[Round "8.6"]
[White "Ratscheu, Stefan"]
[Black "Scherb, Ansgar"]
[Result "0-1"]
[WhiteElo "1847"]
[BlackElo "1730"]
[PlyCount "32"]
[EventDate "2017.10.08"]
[EventType "team-tourn"]
[EventRounds "9"]
[EventCountry "GER"]
[SourceTitle "EXT 2022"]
[Source "ChessBase"]
[SourceDate "2021.10.06"]
[SourceVersion "1"]
[SourceVersionDate "2021.10.06"]
[SourceQuality "1"]
[WhiteTeam "Postbauer Heng"]
[BlackTeam "Lauf SV"]
[WhiteTeamCountry "GER"]
[BlackTeamCountry "GER"]

1. e4 e5 2. Nf3 Nf6 3. Nxe5 d6 4. Nf3 Nxe4 5. d4 d5 6. Bd3 Nc6 7. 0-0 Be7 8. Re1 Bg4 9. c3 f5 10. Nbd2 0-0 11. Qb3 Kh8 12. Ne5 Nxe5 13. dxe5 Bc5 14. Rf1 Qh4 15. Bxe4 fxe4 16. c4 Rxf2 0-1

[Event "Mittelfranken-chTB1 1718"]
[Site "Mittelfranken"]
[Date "2018.01.28"]
[Round "4.6"]
[White "Dietrich, Jochen"]
[Black "Ratscheu, Stefan"]
[Result "1-0"]
[WhiteElo "1895"]
[BlackElo "1847"]
[PlyCount "119"]
[EventDate "2017.10.08"]
[EventType "team-tourn"]
[EventRounds "9"]
[EventCountry "GER"]
[SourceTitle "EXT 2022"]
[Source "ChessBase"]
[SourceDate "2021.10.06"]
[SourceVersion "1"]
[SourceVersionDate "2021.10.06"]
[SourceQuality "1"]
[WhiteTeam "Muehlhof/Schwabach"]
[BlackTeam "Postbauer Heng"]
[WhiteTeamCountry "GER"]
[BlackTeamCountry "GER"]

1. Nf3 d5 2. g3 c5 3. Bg2 Nc6 4. d3 e5 5. Nbd2 Nf6 6. 0-0 Bd6 7. c3 h6 8. e4 d4 9. a3 Be6 10. cxd4 cxd4 11. h3 0-0 12. Ne1 Nh7 13. Nc4 Bxc4 14. dxc4 f5 15. exf5 Rxf5 16. Qg4 Rf6 17. Nd3 Qc8 18. Qxc8+ Rxc8 19. f4 exf4 20. Bxf4 Bxf4 21. Rxf4 Rxf4 22. Nxf4 Nf6 23. Rd1 Rd8 24. Ne6 Rd6 25. Nc5 Na5 26. Nxb7 Nxb7 27. Bxb7 Rb6 28. Bd5+ Nxd5 29. cxd5 Rxb2 30. Rxd4 Kf8 31. d6 Ke8 32. Ra4 Rb7 33. Kf2 Rd7 34. Rd4 Kf7 35. Ke3 Ke6 36. Ke4 g6 37. Ra4 Rg7 38. Ra6 Rd7 39. g4 g5 40. Rc6 Rf7 41. Ra6 Rf4+ 42. Ke3 Rc4 43. Rxa7 Kxd6 44. Ra6+ Ke5 45. Ra5+ Kf6 46. Kd3 Rc1 47. Rf5+ Ke6 48. Kd4 Ra1 49. Rf3 Rb1 50. Kc4 Rb8 51. Rd3 Ke5 52. a4 Rc8+ 53. Kb5 Rb8+ 54. Kc6 Ra8 55. Ra3 Ra5 56. Kb6 Ra8 57. a5 Rb8+ 58. Kc7 Rb1 59. a6 Rc1+ 60. Kd7 1-0

[Event "Mittelfranken-chTB1 1617"]
[Site "Mittelfranken"]
[Date "2017.03.26"]
[Round "8.5"]
[White "Ratscheu, Stefan"]
[Black "Scherb, Ansgar"]
[Result "1-0"]
[WhiteElo "1847"]
[BlackElo "1733"]
[PlyCount "47"]
[EventDate "2016.10.23"]
[EventType "team-tourn"]
[EventRounds "9"]
[EventCountry "GER"]
[SourceTitle "EXT 2022"]
[Source "ChessBase"]
[SourceDate "2021.10.06"]
[SourceVersion "1"]
[SourceVersionDate "2021.10.06"]
[SourceQuality "1"]
[WhiteTeam "Postbauer Heng"]
[BlackTeam "Lauf SV"]
[WhiteTeamCountry "GER"]
[BlackTeamCountry "GER"]

1. e4 e5 2. Nf3 Nf6 3. Nc3 Nc6 4. d4 exd4 5. Nxd4 Bb4 6. Nxc6 bxc6 7. Bd3 d5 8. exd5 cxd5 9. 0-0 0-0 10. Bg5 c6 11. Ne2 Bg4 12. c3 Bc5 13. Qc2 h6 14. Bh4 Qd6 15. Bg3 Qd7 16. Kh1 Nh5 17. Be5 Rfe8 18. Bd4 Bxe2 19. Bxe2 Nf4 20. Bf3 Bb6 21. Rad1 Re7 22. Qa4 Rae8 23. Bxb6 axb6 24. Qxf4 1-0

[Event "Mittelfranken-chTB1 1617"]
[Site "Mittelfranken"]
[Date "2017.02.12"]
[Round "6.6"]
[White "Ratscheu, Stefan"]
[Black "Volkovski, Reinhold"]
[Result "1/2-1/2"]
[WhiteElo "1847"]
[BlackElo "1815"]
[PlyCount "54"]
[EventDate "2016.10.23"]
[EventType "team-tourn"]
[EventRounds "9"]
[EventCountry "GER"]
[SourceTitle "EXT 2022"]
[Source "ChessBase"]
[SourceDate "2021.10.06"]
[SourceVersion "1"]
[SourceVersionDate "2021.10.06"]
[SourceQuality "1"]
[WhiteTeam "Postbauer Heng"]
[BlackTeam "Nuernberg Noris Tarrasch III"]
[WhiteTeamCountry "GER"]
[BlackTeamCountry "GER"]

1. e4 d6 2. d4 e5 3. dxe5 dxe5 4. Qxd8+ Kxd8 5. Bc4 f6 6. Be3 c6 7. Ne2 Nd7 8. 0-0 Kc7 9. a3 Bc5 10. Bxc5 Nxc5 11. f3 Be6 12. Bxe6 Nxe6 13. Rd1 Ne7 14. Nd2 Rad8 15. Nb3 Rxd1+ 16. Rxd1 Rd8 17. Rxd8 Kxd8 18. Kf2 Kc7 19. Ke3 Kd6 20. Kd3 Nc5+ 21. Nxc5 Kxc5 22. b4+ Kd6 23. c4 b6 24. Ng3 g6 25. Ne2 Nc8 26. Nc3 Ne7 27. Ne2 Nc8 1/2-1/2

[Event "Mittelfranken Mitte-ch"]
[Site "Zirndorf"]
[Date "2015.01.06"]
[Round "7"]
[White "Ratscheu, Stefan"]
[Black "Luther, Helmut"]
[Result "0-1"]
[WhiteElo "1635"]
[BlackElo "1949"]
[PlyCount "66"]
[EventDate "2015.01.02"]
[EventType "swiss"]
[EventRounds "7"]
[EventCountry "GE2"]
[SourceTitle "EXT 2018"]
[Source "ChessBase"]
[SourceDate "2017.10.13"]
[SourceVersion "1"]
[SourceVersionDate "2017.10.13"]
[SourceQuality "1"]

1. e4 d5 2. exd5 Qxd5 3. Nc3 Qa5 4. d4 Nf6 5. Bc4 Bf5 6. Bf4 e6 7. Qf3 c6 8. Nge2 Bxc2 9. 0-0 Nbd7 10. Rac1 Bg6 11. Ng3 Be7 12. Rfd1 0-0 13. a3 Rac8 14. b4 Qd8 15. b5 cxb5 16. Nxb5 Nb6 17. Bc7 Rxc7 18. Nxc7 Qxc7 19. Bxe6 Qb8 20. Bb3 Bd6 21. Qe2 Bxa3 22. Ra1 Bd6 23. Qa2 a6 24. Qa5 Nbd7 25. Rac1 h5 26. Qg5 Kh8 27. Bxf7 Bxf7 28. Nf5 Ne8 29. Re1 Bxh2+ 30. Kh1 Bf4 31. Qe7 Bxc1 32. Rxc1 Nef6 33. Nd6 Bg6 0-1

[Event "Mittelfranken Mitte-ch"]
[Site "Zirndorf"]
[Date "2015.01.03"]
[Round "3"]
[White "Suess, Stefan"]
[Black "Ratscheu, Stefan"]
[Result "1-0"]
[WhiteElo "2004"]
[BlackElo "1635"]
[PlyCount "75"]
[EventDate "2015.01.02"]
[EventType "swiss"]
[EventRounds "7"]
[EventCountry "GE2"]
[SourceTitle "EXT 2018"]
[Source "ChessBase"]
[SourceDate "2017.10.13"]
[SourceVersion "1"]
[SourceVersionDate "2017.10.13"]
[SourceQuality "1"]

1. e4 e5 2. Nf3 Nc6 3. Bc4 Nf6 4. d3 Be7 5. Nbd2 0-0 6. c3 d5 7. Bb3 dxe4 8. dxe4 Bg4 9. h3 Bh5 10. Qe2 a6 11. 0-0 Qd7 12. Bc2 h6 13. Nc4 b5 14. Ne3 Bg6 15. Rd1 Bd6 16. Nd5 Nxd5 17. Rxd5 Rae8 18. a4 Qe6 19. axb5 Ne7 20. Rd1 axb5 21. Qxb5 Rb8 22. Qe2 f5 23. Nh4 Bh7 24. exf5 Nxf5 25. Qg4 Qf6 26. Nxf5 Bxf5 27. Bxf5 Qxf5 28. Qxf5 Rxf5 29. b4 Kf7 30. Be3 Ke6 31. Ra6 Ke7 32. Ra5 g5 33. Kf1 Rb7 34. Ke2 Rf6 35. Kd3 c6 36. Kc4 Bc7 37. Ra8 Rb8 38. Ra7 1-0

[Event "Mittelfranken Mitte-ch 1213"]
[Site "Zirndorf"]
[Date "2013.01.06"]
[Round "6"]
[White "Dreiseitel, Werner"]
[Black "Ratscheu, Stefan"]
[Result "1/2-1/2"]
[WhiteElo "1512"]
[BlackElo "1545"]
[PlyCount "40"]
[EventDate "2013.01.03"]
[EventType "swiss"]
[EventRounds "7"]
[EventCountry "GER"]
[SourceTitle "EXT 2015"]
[Source "ChessBase"]
[SourceDate "2014.11.20"]
[SourceVersion "1"]
[SourceVersionDate "2014.11.20"]
[SourceQuality "1"]

1. d4 d5 2. c4 e5 3. dxe5 d4 4. Nf3 Nc6 5. g3 Be6 6. Nbd2 Bb4 7. Qc2 Nge7 8. Bg2 Bf5 9. Qb3 a5 10. a3 a4 11. Qd1 Bc5 12. 0-0 0-0 13. b3 axb3 14. Nxb3 b6 15. Bb2 d3 16. Nxc5 bxc5 17. Re1 dxe2 18. Rxe2 Qxd1+ 19. Rxd1 Ra4 20. Rc1 Na5 1/2-1/2

[Event "Mittelfranken Mitte-ch 1213"]
[Site "Zirndorf"]
[Date "2013.01.04"]
[Round "1"]
[White "Ratscheu, Stefan"]
[Black "Straschewski, Joerg"]
[Result "1/2-1/2"]
[WhiteElo "1545"]
[BlackElo "1829"]
[PlyCount "101"]
[EventDate "2013.01.03"]
[EventType "swiss"]
[EventRounds "7"]
[EventCountry "GER"]
[SourceTitle "EXT 2015"]
[Source "ChessBase"]
[SourceDate "2014.11.20"]
[SourceVersion "1"]
[SourceVersionDate "2014.11.20"]
[SourceQuality "1"]

1. e4 e6 2. Nf3 d5 3. Nc3 d4 4. Ne2 c5 5. d3 Nc6 6. c3 e5 7. cxd4 cxd4 8. Bd2 Bd6 9. Ng3 Nge7 10. Be2 Qb6 11. b3 f6 12. h4 Be6 13. 0-0 Rc8 14. Ne1 Bb4 15. Nc2 Bd6 16. Nh5 0-0 17. Ng3 Nb4 18. Nxb4 Bxb4 19. Bxb4 Qxb4 20. Qe1 Qxe1 21. Rfxe1 Rc2 22. Bd1 Rc3 23. Be2 Rfc8 24. Red1 Rc2 25. Re1 R8c6 26. Bd1 Rd2 27. Be2 Rcc2 28. Rac1 Rxc1 29. Rxc1 Rxa2 30. Rc7 Ng6 31. Rxb7 Nf4 32. Rb8+ Kf7 33. Rb7+ Kg6 34. Bf1 h5 35. b4 Ra6 36. Ne2 Nxe2+ 37. Bxe2 Rb6 38. Rxb6 axb6 39. f3 Kf7 40. Kf1 g5 41. g3 Kg6 42. Kf2 gxh4 43. gxh4 f5 44. Ke1 f4 45. Kd2 Kf6 46. Kc2 Ke7 47. Kb2 Kd6 48. Ka3 Bh3 49. Kb3 Kc6 50. Ka4 Be6 51. Ka3 1/2-1/2

[Event "Mittelfranken Mitte-ch 1112"]
[Site "Zirndorf"]
[Date "2012.01.07"]
[Round "4"]
[White "Walch, Roger"]
[Black "Ratscheu, Stefan"]
[Result "1-0"]
[WhiteElo "1641"]
[BlackElo "1435"]
[PlyCount "77"]
[EventDate "2012.01.05"]
[EventType "swiss"]
[EventRounds "7"]
[EventCountry "GER"]
[SourceTitle "EXT 2015"]
[Source "ChessBase"]
[SourceDate "2014.11.20"]
[SourceVersion "1"]
[SourceVersionDate "2014.11.20"]
[SourceQuality "1"]

1. e4 e5 2. Nc3 Nc6 3. Bc4 Nf6 4. d3 Be7 5. Be3 d6 6. Nf3 Bg4 7. h3 Bh5 8. g4 Bg6 9. a3 Na5 10. Ba2 c5 11. Nd2 Nc6 12. 0-0 Nd4 13. f4 exf4 14. Rxf4 0-0 15. Rf2 Nd7 16. Nf3 Nxf3+ 17. Qxf3 Ne5 18. Qg2 Bh4 19. Re2 Bg5 20. Nd5 Rc8 21. Rf1 c4 22. d4 Bxe3+ 23. Nxe3 Nc6 24. c3 b5 25. Nf5 h6 26. Qg3 d5 27. e5 Bxf5 28. Rxf5 Ne7 29. Rh5 Rc6 30. Bb1 Qb6 31. g5 Re6 32. Rg2 Kh8 33. gxh6 Ng6 34. hxg7+ Kxg7 35. Qh4 Rg8 36. Rh7+ Kf8 37. Qf2 Qc7 38. Bf5 Rb6 39. e6 1-0

[Event "Nittenau-ch 11th"]
[Site "Nittenau"]
[Date "2011.09.17"]
[Round "3"]
[White "Schmidt, Franz"]
[Black "Ratscheu, Stefan"]
[Result "1-0"]
[WhiteElo "1692"]
[BlackElo "1416"]
[PlyCount "57"]
[EventDate "2011.09.16"]
[EventType "swiss"]
[EventRounds "5"]
[EventCountry "GER"]
[SourceTitle "EXT 2022"]
[Source "ChessBase"]
[SourceDate "2021.10.06"]
[SourceVersion "1"]
[SourceVersionDate "2021.10.06"]
[SourceQuality "1"]

1. e4 e6 2. d4 d5 3. Nc3 Bb4 4. e5 c5 5. a3 Bxc3+ 6. bxc3 c4 7. Qg4 g6 8. a4 Nc6 9. Ne2 f6 10. f4 Nh6 11. Qh3 Nf7 12. Ba3 Qa5 13. Qh4 g5 14. fxg5 fxg5 15. Qf2 Qd8 16. Ng3 Ne7 17. Nh5 Qc7 18. Ng7+ Kf8 19. Qf6 Qd7 20. Be2 Rg8 21. Nh5 Rg6 22. Qf2 Ke8 23. Nf6+ Rxf6 24. Qxf6 Nf5 25. Bh5 Qc7 26. 0-0 N5h6 27. Qg7 Nf5 28. Qf8+ Kd7 29. Qxf7+ 1-0

[Event "Nuremberg LGA Cup 7th"]
[Site "Nuremberg"]
[Date "2010.09.05"]
[Round "6"]
[White "Ratscheu, Stefan"]
[Black "Dreiseitel, Werner"]
[Result "0-1"]
[WhiteElo "1307"]
[BlackElo "1487"]
[PlyCount "70"]
[EventDate "2010.09.02"]
[EventType "swiss"]
[EventRounds "7"]
[EventCountry "GER"]
[SourceTitle "CBM 138 Extra"]
[Source "ChessBase"]
[SourceDate "2010.10.29"]
[SourceVersion "1"]
[SourceVersionDate "2010.10.29"]
[SourceQuality "1"]

1. c4 c5 2. Nc3 Nc6 3. g3 g6 4. Bg2 Bg7 5. Nf3 Nf6 6. 0-0 0-0 7. d3 e5 8. e4 a6 9. a4 d6 10. Be3 Ng4 11. Bg5 f6 12. Bd2 f5 13. Bg5 Nf6 14. Qc1 Nd4 15. Nxd4 cxd4 16. Nd5 Be6 17. f4 h6 18. Nxf6+ Bxf6 19. Bxh6 Rf7 20. Bg5 Rc8 21. Qd2 Bxg5 22. fxg5 Qd7 23. h4 Rcf8 24. Bf3 f4 25. Qh2 Bg4 26. gxf4 Rxf4 27. Bg2 Be2 28. Rxf4 Rxf4 29. Bh3 Bg4 30. Bg2 Qf7 31. Bh3 Bxh3 32. Qxh3 Rf3 33. Qg2 Qf4 34. Rf1 Qe3+ 35. Rf2 Rg3 0-1

[Event "Nuremberg LGA Cup 7th"]
[Site "Nuremberg"]
[Date "2010.09.04"]
[Round "4"]
[White "Ratscheu, Stefan"]
[Black "Babichev, Vyacheslav"]
[Result "0-1"]
[WhiteElo "1307"]
[BlackElo "1785"]
[PlyCount "78"]
[EventDate "2010.09.02"]
[EventType "swiss"]
[EventRounds "7"]
[EventCountry "GER"]
[SourceTitle "CBM 138 Extra"]
[Source "ChessBase"]
[SourceDate "2010.10.29"]
[SourceVersion "1"]
[SourceVersionDate "2010.10.29"]
[SourceQuality "1"]

1. c4 Nf6 2. g3 g6 3. Bg2 Bg7 4. Nc3 0-0 5. Nf3 d6 6. d3 Bd7 7. 0-0 Nc6 8. e4 h6 9. Be3 Ng4 10. Bd2 Qc8 11. h3 Nge5 12. Nxe5 Nxe5 13. Nd5 Re8 14. Qe2 Bxh3 15. Nf4 Bxg2 16. Nxg2 Kh7 17. Bc3 f6 18. Rad1 c5 19. a3 Qh3 20. Nf4 Qc8 21. Ng2 h5 22. Bxe5 dxe5 23. Kh2 Rh8 24. Rh1 Kg8 25. Kg1 Kf7 26. f4 Qd7 27. Qf3 Qd4+ 28. Qf2 Rad8 29. Qxd4 Rxd4 30. fxe5 fxe5 31. Ne1 Rhd8 32. Rh2 Rxe4 33. Rf2+ Bf6 34. Nf3 Kg7 35. b3 Re3 36. Ne1 Rxg3+ 37. Kh2 Re3 38. Rfd2 e4 39. Kg2 Bh4 0-1

[Event "Mittelfranken Mitte-ch 0910"]
[Site "Zirndorf"]
[Date "2010.01.06"]
[Round "3"]
[White "Zaudtke, Friedrich Wilhelm"]
[Black "Ratscheu, Stefan"]
[Result "1/2-1/2"]
[WhiteElo "1551"]
[BlackElo "1320"]
[PlyCount "42"]
[EventDate "2010.01.03"]
[EventType "swiss"]
[EventRounds "7"]
[EventCountry "GER"]
[SourceTitle "EXT 2015"]
[Source "ChessBase"]
[SourceDate "2014.11.20"]
[SourceVersion "1"]
[SourceVersionDate "2014.11.20"]
[SourceQuality "1"]

1. d4 d5 2. c4 e6 3. Nc3 Nf6 4. Bg5 Be7 5. Nf3 c6 6. e3 0-0 7. Bd3 Nbd7 8. 0-0 h6 9. Bh4 Qc7 10. Bg3 Bd6 11. Bxd6 Qxd6 12. h3 Qc7 13. Qc2 b6 14. Rac1 Ba6 15. cxd5 Bxd3 16. Qxd3 exd5 17. Rc2 Qb7 18. b4 Rac8 19. Rfc1 Rfe8 20. Ne2 b5 21. Nh4 Nb6 1/2-1/2

[Event "Mittelfranken-ch NT 58th"]
[Site "Postbauer"]
[Date "2009.04.09"]
[Round "3"]
[White "Ratscheu, Stefan"]
[Black "Hofmann, David"]
[Result "1/2-1/2"]
[WhiteElo "1269"]
[BlackElo "1095"]
[PlyCount "33"]
[EventDate "2009.04.08"]
[EventType "swiss"]
[EventRounds "7"]
[EventCountry "GER"]
[SourceTitle "EXT 2015"]
[Source "ChessBase"]
[SourceDate "2014.11.20"]
[SourceVersion "1"]
[SourceVersionDate "2014.11.20"]
[SourceQuality "1"]

1. d4 d5 2. c4 dxc4 3. e3 Nf6 4. Bxc4 Bf5 5. Nc3 e6 6. Nge2 Bb4 7. 0-0 0-0 8. a3 Ba5 9. b4 Bb6 10. Bb2 Ne4 11. Nxe4 Bxe4 12. Ng3 Bd5 13. Qc2 Bxc4 14. Qxc4 Qd5 15. Qd3 e5 16. Rfd1 exd4 17. Nf5 1/2-1/2